The way to health / (Record no. 39639)

MARC details
000 -LEADER
fixed length control field 00684nam a22002057a 4500
005 - DATE AND TIME OF LATEST TRANSACTION
control field 2010080607227.0
010 ## - LCCN (DPL NO)
LC control number ENG-98584
020 ## - INTERNATIONAL STANDARD BOOK NUMBER
International Standard Book Number 9788174344427
Terms of availability 75.00
035 ## - SYSTEM CONTROL NUMBER
System control number EN-82117
037 ## - SOURCE OF ACQUISITION
Source of stock number/acquisition DBAD/PUB
082 ## - DEWEY DECIMAL CLASSIFICATION NUMBER
Classification number 362.1
100 ## - MAIN ENTRY--PERSONAL NAME
Personal name Sakurikar, Shubhada
245 ## - TITLE STATEMENT
Title The way to health /
Statement of responsibility, etc by Shubhada Sakurikar
260 ## - PUBLICATION, DISTRIBUTION, ETC. (IMPRINT)
Place of publication, distribution, etc Pune
Name of publisher, distributor, etc Rajhans Prakashan
270 ## - ADDRESS
Address 1025, Shadashiv Peth
City Pune
Postal code 411030
300 ## - PHYSICAL DESCRIPTION
Extent 102p. :
Other physical details ill
Dimensions 21cm (pbk)
650 ## - SUBJECT ADDED ENTRY--TOPICAL TERM
Topical term or geographic name as entry element Health care
942 ## - ADDED ENTRY ELEMENTS (KOHA)
Source of classification or shelving scheme Dewey Decimal Classification
Item type English Books
Classification part 362.1
Call number suffix SAK
Holdings
Withdrawn status Lost status Not for loan Collection code Home library Current library Date acquired Source of acquisition Cost, normal purchase price Full call number Barcode Copy number Cost, replacement price Koha item type
    Not For Loan Non-fiction D.B.Act.Division D.B.Act.Division 06/08/2010 DBAD/PUB 75.00 362.1 SAK EN-82117 1 75.00 English Books

© Delhi Public Library
Hit Counter
free hit counter